000 00721nam a2200277 a 4500
003 AR-BaBNM
005 20251128210059.0
008 082120s2002 ||||||||||||||000 | spa||
020 _a950-9023-59-0
040 _cAR-BaBNM
100 1 _aCastro de Amato, Laura
245 0 0 _aLas palabras
_bcurso de gramática
_n1
250 _a1ª ed.
260 _aBuenos Aires
_bRuy Díaz
_c1995
300 _a137 p.
_bil.
650 4 _aGRAMATICA
650 4 _aVOCABULARIO
650 4 _aREDACCION
650 4 _aACTIVIDADES DE APRENDIZAJE
650 4 _aSOCIALIZACION
653 _aENSENANZA DE LA LENGUA
653 _aEDUCACION GENERAL BASICA
653 _aCONTENIDOS BASICOS COMUNES
942 _cBK
998 _cCarmen
999 _c13949
_d13949